004880000a2200133000450024501570000065000190015765000210017665000180019765000240021565100130023904100160025210000280026877300580029610aDe plantis toxicariis e mundo novo tropicales commentationes XXXIII: ethnobotanical, floristic and nomenclatural notes on plants of the northwest Amazon14aEtnobotánica14aPlantas útiles14aToxicología14aTaxonomía vegetal 4pColombia0 aPortugués1 aEvans Schultes, Richard1 tBotanical Museum Leaflets31203h4q343-364d1983g29